Institutions of the English novel from Defoe to Scott /

Bibliographic Details
Main Author: Brown, Homer Obed, 1933-
Format: Book
Language:English
Published: Philadelphia : University of Pennsylvania Press, [1997]
Subjects:

MARC

Tag First Indicator Second Indicator Subfields
LEADER 00000cam a2200000 a 4500
001 in00001353721
005 20151006063222.0
008 961007s1997 pau b 001 0 eng
010 |a  96047118  
020 |a 0812233832 (alk. paper) 
035 |a (OCoLC)35723732 
035 |9 AHG8842AM 
040 |a DLC  |c DLC  |d TXA  |d UtOrBLW 
043 |a e-uk--- 
049 |a TXAM 
050 0 0 |a PR851  |b .B75 1997 
082 0 0 |a 823.009  |2 21 
100 1 |a Brown, Homer Obed,  |d 1933- 
245 1 0 |a Institutions of the English novel from Defoe to Scott /  |c Homer Obed Brown. 
264 1 |a Philadelphia :  |b University of Pennsylvania Press,  |c [1997] 
264 4 |c ©1997 
300 |a xxiii, 228 pages ;  |c 23 cm. 
336 |a text  |b txt  |2 rdacontent 
337 |a unmediated  |b n  |2 rdamedia 
338 |a volume  |b nc  |2 rdacarrier 
504 |a Includes bibliographical references (pages [203]-224) and index. 
650 0 |a English fiction  |y 18th century  |x History and criticism. 
650 0 |a English fiction  |y 19th century  |x History and criticism. 
650 0 |a Literature and society  |z Great Britain. 
650 0 |a Literature and history  |z Great Britain. 
650 0 |a Canon (Literature) 
999 |a MARS 
999 f f |s 9e19ae80-51f3-35a2-be77-19575bf8247c  |i 0cce6697-68a8-3b31-af4d-eb8be10c5589  |t 0 
952 f f |p normal  |a Texas A&M University  |b College Station  |c Sterling C. Evans Library  |d Evans: Library Stacks  |t 0  |e PR851 .B75 1997  |h Library of Congress classification  |i unmediated -- volume  |m A14821155841 
998 f f |a PR851 .B75 1997  |t 0  |l Evans: Library Stacks